| 000 | 01149nam0a22002771 4500 | ||
|---|---|---|---|
| 001 | rc\3167469 | ||
| 005 | 20250530075021.0 | ||
| 021 |
_aRU _bП1747-76 |
||
| 035 | _a(NLR Aleph) 007306153 | ||
| 090 |
_a5761556 _c5761556 |
||
| 100 | _a20120615d1976 |||y0rusy50 ca | ||
| 101 | 0 | _arus | |
| 102 | _aRU | ||
| 105 | _aa z ||||| | ||
| 200 | 1 |
_aПланеты солнечной системы _e[Сборник статей] _f[Гос. ком. Совета Министров СССР по науке и технике АН СССР. ВИНИТИ] |
|
| 210 |
_aМосква _cБ. и. _d1976 |
||
| 215 |
_a223 с. _cил. _d22 |
||
| 225 | 1 |
_aИтоги науки и техники _iИсследование космического пространства _vТ. 7 |
|
| 300 | _aНа доп. тит. л.: Итоги науки и техники. Серия: Исследование косм. пространства | ||
| 300 | _aНа обл. только загл. серии | ||
| 320 | _aБиблиогр. в конце глав | ||
| 801 | 0 |
_aRU _bNLR _gpsbo |
|
| 801 | 1 |
_aRU _bELAR _2rusmarc |
|
| 852 |
_aNLR _jП7/1444 |
||
| 942 | _cBOOK | ||
| 980 | _aNB | ||